01573nam a2200313 i 450000100090000000300090000900500170001800800410003502000190007604000430009508200200013810000380015824501200019626400630031626400100037930000520038933600260044133700280046733800270049550400520052250504190057465000400099365100100103365300210104365500170106494200120108199900170109395201490111018476732EG-ScBUE20250309095942.0150121t2015 fluadk f b 001 0 eng d a9781466552715  aEG-ScBUEbengerdacEG-ScBUEdEG-ScBUE04a530.11bDAT2221 aDate, Ghanashyam,eauthor.93817610aGeneral relativity :bbasics and beyond /cGhanashyam Date, The Institute of Mathematical Sciences, Chennai, India. 1aBoca Raton : bCRC Press / Taylor & Francis Group,c[2015] 4cc2015 aix, 255 pages :bcharts, forms, tables ;c24 cm 2rdacontentatextbtxt 2rdamediaaunmediatedbn 2rdacarrieravolumebnc aIncludes bibliographical references and index. 0 aFrom Newton to Einstein: synthesis of general relativity -- Examples of space-times -- Dynamics in space-time -- Dynamics of space-time -- Elementary phenomenology -- The space-time arena -- Asymptotic structure -- Black holes -- Cosmological space-times -- Gravitational waves -- Field equation: evolutionary interpretation -- Numerical relativity -- Into the quantum realm -- Epilogue -- Mathematical background. 7aGeneral relativity (Physics)2BUEsh 2BUEsh bENGGENcJune2015 vReading book 2ddccBB c19528d19500 00102ddc40708BaccahaMAINbMAINc1STd2015-06-09epurchaseg450.00l2m6o530.11 DATp000038483r2025-07-15 00:00:00s2017-12-07v562.50yBB